1307 1618 1969 1846 1857 1749 1586 1337 1378 1802 1282 1997 1037 1973 1691 1003 1603 1653 1073 1352 1929 1379 1453 1412 1804 1945 1675 1709 1695 1535 1766 1382 1160 1942 1534 1164 1394 1978 1259 1677 1603 1149 1563 1990 1539 1643 1064 1674 1059 1460 1909 1056 1168 1148 1423 1490 1447 1303 1497 1267 1819 1340 1935 1109 1629 1589 1193 1839 1679 1789 1813 1128 1919 1270 1725 1450 1448 1427 1804 1378 1105 1969 1611 1660 1794 1392 1728 1867 1953 1060 1675 1221 1300 1506 1184 1536 1851 1589 1311 BCNSPRNW ULIB Ver.6.0+V

เปลี่ยนเป็นภาษาไทย

Change to English
 แสดงรายละเอียดบรรณานุกรม
  กลับหน้าหลัก

Brief Record : Get Marc (ISO 2709) : E-mail record : QR code < ปิดหน้าต่าง
LEADER : 00000nam 2200000uu 4500
001    13399113634
003     ULIB
008    111208s2553||||th 000 0 tha d
020    ^a9786167052101
090    ^aนว.^bร388ฮ ล.2
100    ^aรัศมีจันทร์
245    ^aไฮโซติดเกาะ ตอน สายลมแห่งฤดูหนาว เล่ม 2/^cรัศมีจันทร์
250    ^aพิมพ์ครั้งที่ 1
260    ^aกรุงเทพฯ :^bณ บ้านวรรณกรรม,^c2553
300    ^a320 หน้า
710 1  ^aณ บ้านวรรณกรรม
945    ^p240^l0^i026745
995    ^aทศพร
999 ^a ทศพร
รายการนี้ยังไม่มีแท็ก
คุณยังไม่ได้ล็อกอิน คุณสามารถมีกิจกรรมร่วมกับเว็บไซต์ได้ แต่ต้องล็อกอินก่อน ::
  ล็อกอิน

รายการสื่อสารสนเทศ

ลำดับที่ ประเภท เลขเรียก/บาร์โค้ด สถานที่ สถานะ
1. นวนิยาย
นวนิยาย
นว. ร388ฮ ล.2 ฉ.1 
  Barcode: 026745
ห้องสมุดวิทยาเขตสวรรค์ประชารักษ์
►นวนิยาย
บนชั้น
  ขอยืม

รายการใกล้เคียง
    ผู้แต่ง [รัศมีจันทร์]

BibComment


ยังไม่เคยถูกคอมเมนท์

คอมเมนท์ทรัพยากรรายการนี้
  คอมเมนท์: ไฮโซติดเกาะ ตอน ..


 Copyright 2026. Bcnsprnw @Library